000 01521nam a2200253Ia 4500
999 _c39095
_d39095
001 5665
003 GE_BSU
005 20191023162353.0
008 181216s2012||||ge |||||||||||||| ||geo||
040 _cGE_BSU
041 _ageo
080 _a94(479.223)(063) ს-24
245 _aსამხრეთ-დასავლეთ საქართველო :
_bისტორია, არქეოლოგია, ეთნოლოლოგია. სამეცნიერო კონფერენციის მასალები II
_cრედ. : თ. ცინცქილაძე, თ. ფუტკარაძე, ს. ბერიძე და სხვ.
264 _aთბილისი :
_bუნივერსალი;
_c2012.
300 _a229 გვ. :
_bნახ.;
_c25 სმ.
500 _aპარალ. სათ. ინგლ. ენ.
653 _aისტორია, არქეოლოგია, ეთნოლოლოგია
653 _aკონფერენცია
700 _aცინცქილაძე, თ.
_eრედაქტორი
_94961
700 _aფუტკარაძე, თ.
_eრედაქტორი
_94962
700 _aბერიძე, ს.
_eრედაქტორი
_94963
710 _aაჭარის ავტ. რესპ.მთავრობის საქვეუწყებო დაწესებულება-საარქივო სამმართველო
_94956
942 _cBK
_2udc